The Camdridge Companion to ancient greek and roman science.

محفوظ في:
التفاصيل البيبلوغرافية
مؤلفون آخرون: Taub, Libia (المحرر)
التنسيق: كتاب
منشور في: Cambridge, United Kingdom: Cambridge University Press, 2020.
الموضوعات:
الوسوم: إضافة وسم
لا توجد وسوم, كن أول من يضع وسما على هذه التسجيلة!

MARC

LEADER 00000nam a22000007a 4500
003 CL-VaPUC
005 20241127095636.0
008 241118t2020 ||||| |||| 00| 0 eng d
999 |c 445764  |d 445762 
020 |a 978-1-107-46576-3 
040 |c Pontificia Universidad Católica de Valparaíso 
082 7 |a 509.37 TAU 2020  |2 22 
100 1 |a Taub, Libia   |e editor  |9 893916 
245 1 4 |a The Camdridge Companion to ancient greek and roman science.  
260 |a Cambridge, United Kingdom:  |b Cambridge University Press,   |c 2020. 
300 |a ix, 344 páginas.  
500 |a c.1. Adquisición Magister en Filosofía. Memo s/n. Biblioteca de Educación. 13-11-2024. 
583 |c 20241118  |k GC 
650 0 |a Ciencia antigua   |9 870281  |x Historia 
650 0 |a Ciencia   |z Grecia   |x Historia   |9 893917 
650 0 |a Ciencia   |z Roma   |x Historia   |9 893918 
650 0 |a Medicina griega y romana  |9 319392 
942 |2 ddc  |c BK 
952 |0 0  |1 0  |2 ddc  |4 0  |6 509_370000000000000_TAU_2020  |7 0  |8 A  |9 598087  |a BIBEDU  |b BIBEDU  |d 2024-11-18  |i 5663287  |o 509.37 TAU 2020  |p 5663287  |r 2024-11-18  |t 1  |w 2024-11-18  |y BK  |k FIL